| 000 | 00542 a2200181 4500 | ||
|---|---|---|---|
| 999 |
_c4922 _d4922 |
||
| 010 | _aENG-86664 | ||
| 020 |
_c425.00 _a812503210X |
||
| 035 | _aEN-70197 | ||
| 037 | _bDBAD / PUB | ||
| 082 | 1 | 4 | _a616.9041 |
| 100 | 1 | _aThomas, Philip A. | |
| 245 | 1 |
_aClinical microbiology / _cby Philiop A.Thomas |
|
| 260 |
_aChennai _bOrient Longman _c2007 |
||
| 270 |
_a160 Anna Salai _bChennai _e600 002 _mchegeneral@orientlongman.com |
||
| 300 |
_a654 p _c24 cm (Pbk) |
||
| 500 | _aIncludes index | ||
| 942 |
_adpl _cEN _2ddc _h616.9041 _mTHO |
||